Statistiques concernant Candidats à l’élection présidentielle 2017 en images

Cliquez ici pour prendre le quiz!

Statistiques générales

  • Ce quiz a été pris 64 fois
  • Le résultat moyen est 9 sur 11

Statistiques - réponses

Réponse% Correct
Emmanuel Macron
100%
Marine Le Pen
98%
Jean-Luc Mélenchon
97%
Philippe Poutou
90%
François Fillon
89%
Jean Lassalle
86%
Benoît Hamon
79%
Nicolas Dupont-Aignan
79%
Nathalie Arthaud
76%
François Asselineau
63%
Jacques Cheminade
49%

Distribution des résultats

Percentile par nombre de réponses

% des personnes avec chaque résultat

Votre développement - résultats

Vous n’avez pas pris ce quiz